Geologický atlas ČSSR 1:1 000 000

Guardado en:
Detalles Bibliográficos
Formato: Libro
Lenguaje:checo
Publicado: Praha Ústřední ústav geologický 1966
Etiquetas: Agregar Etiqueta
Sin Etiquetas, Sea el primero en etiquetar este registro!

MARC

LEADER 00000nam a2200000 4500
001 c122607
005 20160713115044.2
041 0 |a cze 
044 |a CZ 
245 1 0 |a Geologický atlas ČSSR  |b 1:1 000 000 
264 1 |a Praha  |b Ústřední ústav geologický  |c 1966 
300 |a 7 máp